|
|
|
|
| LEADER |
01029nta a2200241 i 4500 |
| 001 |
dokt26 |
| 005 |
20221013152937.0 |
| 008 |
100513s2003 hu om 0|| eng d |
| 024 |
7 |
|
|a 1063967
|2 mtmt
|
| 040 |
|
|
|a SZTE Doktori Repozitórium
|b hun
|
| 041 |
|
|
|a eng
|
| 100 |
1 |
|
|a Nyúl László G.
|
| 245 |
1 |
0 |
|a Novel MR image analysis strategies
|h [elektronikus dokumentum] :
|b applications in multiple sclerosis /
|c Nyúl László G.
|
| 260 |
|
|
|c 2003
|
| 502 |
|
|
|a Disszertacio
|
| 650 |
|
4 |
|a matematika- és számítástudományok
|
| 650 |
|
4 |
|a Matematika
|
| 700 |
0 |
1 |
|a Udupa Jayaram
|e ths
|
| 700 |
0 |
1 |
|a Kuba Attila
|e ths
|
| 856 |
4 |
0 |
|u https://doktori.bibl.u-szeged.hu/id/eprint/26/1/tz_eredeti914.pdf
|z Dokumentum-elérés
|
| 856 |
4 |
0 |
|u https://doktori.bibl.u-szeged.hu/id/eprint/26/7/2002_nyul_laszlo_tezis_eng.pdf
|z Dokumentum-elérés
|
| 856 |
4 |
0 |
|u https://doktori.bibl.u-szeged.hu/id/eprint/26/2/tz_hu914.pdf
|z Dokumentum-elérés
|
| 856 |
4 |
0 |
|u https://doktori.bibl.u-szeged.hu/id/eprint/26/8/2002_nyul_laszlo_birl.pdf
|z Dokumentum-elérés
|